000 01049nam a2200277Ia 4500
005 20220316235254.0
008 121119s2002 ck a gre 000 0 spa
020 _a9588058759
041 0 _aspa
082 0 4 _aR 463
_bD31C
245 0 0 _aDiccionario enciclopédico
_ccoordinación, Sofía Acebo García , Elena Estremera Pañƒos ; dibujos, Isabelle Arslanian ... [et al.]
250 _aPrimera edición
264 1 _aBogotá
_bLarousse
_c2002
300 _a1824 páginas
_bilustraciones
_c23 cm.
336 _atexto
_btxt
_2rdacontent
337 _asin mediación
_bn
_2rdamedia
338 _avolumen
_bnc
_2rdacarrier
500 _aAcompañado de 1 folleto y 1 CD-ROM. El folleto acompañante tiene el titulo: La marcha del tiempo
650 1 4 _2LEMB
_aEnciclopedias y diccionarios
650 1 4 _2LEMB
_aEspañol
_vDiccionarios
700 1 _aAcebo García, Sofía
_9117139
700 1 _aEstremera Paños, Elena
_9117140
700 1 _aArslanian, Isabelle
_eilustrador
_9117141
942 _2ddc
_cBK
040 _aCO-BoRNBP
_bspa
_erda
_cCO-BoRNBP
999 _c448
_d448